Nombres españoles que no tienen ni A ni O - Estadísticas

Estadísticas generales
  • Esta prueba ha sido intentada 111 veces
    75 desde el último reinicio
  • La puntuación promedio es 7 de 44
Estadísticas de respuestas
Respuesta % Correcto
Luis
53%
Irene
52%
Inés
48%
Fe
43%
Jesús
38%
Miguel
37%
Enrique
35%
Felipe
32%
Mercedes
30%
Ester
27%
Belén
25%
Luz
25%
Rubén
23%
Vicente
23%
Félix
18%
Judit
13%
Fermín
12%
Íngrid
10%
Ruth
10%
Cruz
8%
Edurne
8%
Nieves
8%
Fidel
7%
Neus
7%
Uriel
7%
Celeste
5%
Ezequiel
5%
Muriel
5%
Berenice
3%
Clemente
3%
Dulce
3%
Gil
3%
Reyes
3%
Eliécer
2%
Eurídice
2%
Fiveller
2%
Gunter
2%
Hércules
2%
Hermes
2%
Ivette
2%
Meritxell
2%
René
2%
Silvestre
2%
Virtudes
2%
No se encontraron pruebas coincidentes
Distribución de puntuación
Porcentaje de gente con cada puntuación
Porcentaje por número respondido
Historial de tus puntuaciones
No has intentado esta prueba desde el último reinicio